000 00774nam a2200253Ia 4500
003 OSt
005 20220924123612.0
006 a|||||r|||| 00| 0
007 ta
008 220923b |||||||| |||| 00| 0 san d
020 _c1000
024 _a282148
037 _b194, 10/11/2014, Vidyanidhi Prakashan
_cTextual
040 _aARTS
_cARTS
_bsan
041 _2san
_asan
082 _aO152,1J32,11, 15P5
100 _aDiwivedi Prem Narayan
_9193273
245 0 _aSrimanramacaritamanasam
260 _aNew Delhi
_b Devavani Parishad India
_c2005
300 _a136p.
_ccm.
650 _aSANSKRIT LITERATURE
942 _hO152,1J32,11, 15P5
_cTEXL
_2CC
999 _c416387
_d416387